| 000 | 00751nam a2200289 a 4500 | ||
|---|---|---|---|
| 003 | AR-BaBNM | ||
| 005 | 20251128204453.0 | ||
| 008 | 082120s2002 ||||||||||||||000 | spa|| | ||
| 020 | _a950-07-0682-2 | ||
| 040 | _cAR-BaBNM | ||
| 100 | 1 | _aSalinas, Luis | |
| 245 | 0 | 0 | _aUn taxi poco serio |
| 260 |
_aBuenos Aires _bSudamericana _c1991 |
||
| 300 |
_a16 p. _bil. |
||
| 490 | 0 |
_aLibros del bolsillo _vv. 13 |
|
| 500 | _aContiene nota de la editora a los lectores | ||
| 650 | 4 | _aCUENTO INFANTIL | |
| 650 | 4 | _aLITERATURA INFANTIL | |
| 650 | 4 | _aLIBROS PARA NIÑOS | |
| 650 | 4 | _aLITERATURA DE FICCION | |
| 650 | 4 | _aHUMOR | |
| 655 | _aLITERATURA | ||
| 700 | 1 |
_aBianchi, Diego _eilustrador |
|
| 800 | 0 | _aCanela | |
| 942 | _cBK | ||
| 998 | _claura | ||
| 999 |
_c7547 _d7547 |
||